| 000 | 01522 a2200241 4500 | ||
|---|---|---|---|
| 001 | 39 | ||
| 005 | 20260407155404.0 | ||
| 008 | 260407a2001 arg spa d | ||
| 003 | AR-UNSa-BCEJYS | ||
| 040 |
_aAR-UNSa-BCEJYS _bspa _cAR-UNSa-BCEJYS |
||
| 080 |
_a330.101.542 _xMicroeconomía |
||
| 245 | 1 | 0 |
_aMicroeconomía _pversión para Latinoamerica |
| 020 | _a978-968-444-442-3 | ||
| 250 | _a5a. ed. | ||
| 264 | 1 |
_aMéxico : _bPearson Educación _c2001 |
|
| 300 |
_axxxviii, 541 p. _c25 cm. |
||
| 505 | _a1. ¿Qué es la economía? - 2. Elaboración y utilización de gráficas - 3. El problema económico - 4. Oferta y demanda - 5. La elasticidad - 6. Eficiencia y equidad - 7. Los mercados en la práctica - 8. Utilidad y demanda - 9. Posibilidades, preferencias y elecciones - 10. Organización de la producción - 11. Producción y costos - 12. Competencia perfecta - 13. Monopolio - 14. Competencia monopolística y oligopolio - 15. Demanda y oferta en mercado de factores - 16. Mercado de trabajo - 17. Desigualdad, redistribución y atención médica - 18. Fallas de mercado y elección pública - 19. Regulación y legislación antimonopolio - 20. Las externalidades, el medio ambiente y el conocimiento - 21. Incertidumbre e información - 22. El comercio en el mundo | ||
| 942 | _cBK | ||
| 590 | _aniveau_biblio:m niveau_hierar:0 | ||
| 100 | 1 | _aParkin, Michael | |
| 700 | 1 | _aEsquivel, Gerardo | |
| 856 | 4 | 1 |
_uhttps://biblioeco.unsa.edu.ar/pmb/images/libros/Microeconomia-l86515.jpg _yImagen de portada _qimage/jpeg |
| 999 |
_c31 _d31 |
||